जीतना है तो खुद से लड़ो: (Record no. 182769)

MARC details
000 -LEADER
fixed length control field 00705nam a22001937a 4500
005 - DATE AND TIME OF LATEST TRANSACTION
control field 20211206105841.0
010 ## - LCCN (DPL NO)
LC control number HIN-121281
020 ## - INTERNATIONAL STANDARD BOOK NUMBER
International Standard Book Number 978-81-944037-9-1
Terms of availability 199.00
035 ## - SYSTEM CONTROL NUMBER
System control number HN-93627
037 ## - SOURCE OF ACQUISITION
Source of stock number/acquisition DBAD/PUB
082 ## - DEWEY DECIMAL CLASSIFICATION NUMBER
Classification number 891.4
Item number 1
100 ## - MAIN ENTRY--PERSONAL NAME
Personal name सिंह, तरुण
245 ## - TITLE STATEMENT
Title जीतना है तो खुद से लड़ो:
Remainder of title एक जंग खुद की खुद से/
Statement of responsibility, etc तरुण सिंह
250 ## - EDITION STATEMENT
Edition statement 2019
260 ## - PUBLICATION, DISTRIBUTION, ETC. (IMPRINT)
Place of publication, distribution, etc दिल्ली
Name of publisher, distributor, etc Orangebooks Publications
Date of publication, distribution, etc 2021
270 ## - ADDRESS
Address Vishwavidyalaya Marg, Civil Lines
City Delhi, NCR
Postal code 110054
300 ## - PHYSICAL DESCRIPTION
Extent 109पृ.
Dimensions 21(जिल्द)
942 ## - ADDED ENTRY ELEMENTS (KOHA)
Source of classification or shelving scheme Dewey Decimal Classification
Item type Hindi Books
Classification part 891.4
Call number suffix सिंहत
Holdings
Withdrawn status Lost status Not for loan Collection code Home library Current library Date acquired Source of acquisition Cost, normal purchase price Full call number Barcode Copy number Cost, replacement price Koha item type
      Non-fiction Ashok Vihar Ashok Vihar 06/12/2021 DBAD/PUB 199.00 891.4 सिंहत HN-93627 1 199.00 Hindi Books

© Delhi Public Library
Hit Counter
free hit counter